| 000 | 00845cam a2200265 a 4500 | ||
|---|---|---|---|
| 001 | 000019497 | ||
| 005 | 20240226143822.0 | ||
| 008 | 751201s1968 sp 001 e spa d | ||
| 040 |
_aDO-SdBNP _cFT _dOCoLC _dDLC _dBNPHU |
||
| 082 |
_a864.64 _bC174r, 1968 |
||
| 100 | 1 |
_aCamba, Julio, _d1882-1962 _93094 |
|
| 245 | 1 | 3 |
_aLa rana viajera / _cJulio Camba. |
| 250 | _a4a ed. | ||
| 260 |
_aMadrid : _bEspasa-Calpe, _c1968. |
||
| 300 |
_a149, [19] p. ; _c18 cm. |
||
| 490 | 1 |
_aAustral. Negra: viajes y reportajes _v754 |
|
| 500 | _aIncluye índice de autores | ||
| 650 | 4 |
_aEnsayos españoles _93095 |
|
| 650 | 4 |
_aLiteratura española _ySIGLO XX _93326 |
|
| 651 | 4 |
_aEspaña _xDescripciones Y Viajes _93096 |
|
| 830 | 0 |
_aAustral. _pNegra: viajes y reportajes; _v754 _941665 |
|
| 910 | _aCatalogación derivada / LC | ||
| 910 | _aWM | ||
| 049 | _aBNGR | ||
| 999 |
_c19013 _d19013 |
||